000 01027nam a2200313 4500
003 EG-GICUC
005 20260509163332.0
008 110407s1994 fr ka fr 000.0 fre c
020 _a2-275-00550-1
040 _aEG-GiCUC
_bfre
_cEG-GiCUC
_dEG-GiCUC
_eRda
041 0 _afre
082 0 4 _221
_a345.3
_bKO . P
092 0 4 _221
099 _aLaw1 345.3 KO . P 1994
100 1 _aKondylis, Vassilios
_eAuteur
245 _aLe principe de neutralité dans la fonction publique /
_cVassilios Kondylis ; préf. de Georges Dupuis.
264 1 _aParis :
_bL.G.D.J.,
_c1994.
300 _a560 page ;
_c 24 cm.
336 _2rda contenu
_a texte
337 _2rda medias
_aOrdinateur
338 _2 transporteur rda
_a Ressource en ligne
504 _aInclude bibliographical references and an index.
546 _aTexte en français
650 1 3 _aDroit administratif
700 1 _aDupuis, Georges
_ePréfacier
856 4 0 _uhttps://fll.law.cu.edu.eg/fulltext/bks/B07-05105.pdf
905 _a30
942 _2ddc
_cBK
_e21
_n0
999 _c76408
_d76408